000 01149cam a22002054a 4500
005 20250605163949.0
008 250528s ||||||||||||||||||||||||d
035 _a15308
020 _a70573050
040 _aGR-AtMCL
_bgre
_dGR-AtMCL
_eAACR2
245 1 _aSchaum's Outline of Theory and Problems of Managerial Accounting
260 _bSchaum'S Outline Series,
_c1984
300 _a296
520 _aThis book includes basic theory, definitions and carefully solved problems and supplementary problems. Management Accounting - A Perspective, Cost Concepts and Terms and Classifications, Determination of Cost Behavior Patterns, Cost-Volume Profit and Break-Even Analysis, Relevant Costs in Nonroutine Decisions, Budgeting for Profit Planning, Standard Costs and Responsibility Accounting and Cost Allocation, Performance Evaluation and Transfer Pricing and Decentralization, Capital Budgeting, Quantitative Approaches to Managerial Accounting, Financial Statement Analysis and Statement of Changes in Financial Position.
700 1 _aShim Jae K
_9907
700 1 _aSiegel Joel G
_9908
942 _cBK
999 _c898
_d898